|
|
|
|
| LEADER |
00000naa2a2200000 4500 |
| 001 |
625692 |
| 005 |
20231101133356.0 |
| 035 |
|
|
|a (RuTPU)RU\TPU\conf\24952
|
| 035 |
|
|
|a RU\TPU\conf\24949
|
| 090 |
|
|
|a 625692
|
| 100 |
|
|
|a 20171218d2017 k y0rusy50 ca
|
| 101 |
0 |
|
|a rus
|
| 102 |
|
|
|a RU
|
| 105 |
|
|
|a y z 101zy
|
| 135 |
|
|
|a drgn ---uucaa
|
| 181 |
|
0 |
|a i
|
| 182 |
|
0 |
|a b
|
| 200 |
1 |
|
|a Макет электрической подстанции
|f Н. И. Ежиков, И. С. Злобин, А. В. Миронов
|g науч. рук. В. С. Павлюков
|
| 203 |
|
|
|a Текст
|c электронный
|
| 225 |
1 |
|
|a Релейная защита, автоматика, электрооборудование электроэнергетических систем
|
| 230 |
|
|
|a 1 компьютерный файл (pdf; 215 Kb)
|
| 300 |
|
|
|a Заглавие с титульного экрана
|
| 320 |
|
|
|a [Библиогр.: с. 10 (4 назв.)]
|
| 461 |
|
1 |
|0 (RuTPU)RU\TPU\conf\24578
|t Интеллектуальные энергосистемы
|o труды V Международного молодёжного форума, 9-13 октября 2017 г., г. Томск
|o в 3 т.
|f Национальный исследовательский Томский политехнический университет (ТПУ), Энергетический институт (ЭНИН)
|d 2017
|
| 463 |
|
1 |
|0 (RuTPU)RU\TPU\conf\24584
|t Т. 3
|v [С. 9-10]
|d 2017
|
| 610 |
1 |
|
|a электронный ресурс
|
| 610 |
1 |
|
|a макеты
|
| 610 |
1 |
|
|a электрические подстанции
|
| 610 |
1 |
|
|a КРУ
|
| 610 |
1 |
|
|a распределительные устройства
|
| 610 |
1 |
|
|a релейная защита
|
| 700 |
|
1 |
|a Ежиков
|b Н. И.
|
| 701 |
|
1 |
|a Злобин
|b И. С.
|
| 701 |
|
1 |
|a Миронов
|b А. В.
|
| 702 |
|
1 |
|a Павлюков
|b В. С.
|4 727
|
| 712 |
0 |
2 |
|a Южно-Уральский государственный университет (ЮУрГУ)
|c (1997- )
|c (Челябинск)
|2 stltpush
|3 (RuTPU)RU\TPU\col\944
|
| 801 |
|
2 |
|a RU
|b 63413507
|c 20180119
|g RCR
|
| 856 |
4 |
|
|u http://earchive.tpu.ru/handle/11683/45922
|
| 942 |
|
|
|c BK
|